| 000 | 00601nam a2200181 a 4500 | ||
|---|---|---|---|
| 001 | 2324 | ||
| 003 | CDMR | ||
| 005 | 20131204105214.0 | ||
| 008 | 130130s2001||||||||||||||||||||||||||||d | ||
| 020 | _a8481022918 | ||
| 040 |
_aCDMR _bcat _cCDMR |
||
| 100 | 1 |
_aTorres, José Manuel _91741 |
|
| 245 | 1 | 3 |
_aLa retina del sabio _b: fuentes documentales para la historia de la fotografía científica en España _cJosé Manuel Torres |
| 260 |
_aSantander _c2001 _bAula de Fotografía y de la Imagen de la Universidad de Cantabria |
||
| 300 | _a297 p. | ||
| 650 | 0 | 4 |
_93144 _aFotografia _xHistòria |
| 942 |
_cMON _2udc |
||
| 999 |
_c2324 _d2324 |
||